G6-京藏高速公路途径行政区 - Statistics

General Stats
  • This quiz has been taken 18 times
    16 since last reset
  • The average score is 20 of 23
Answer Stats
Answer % Correct
北京
100%
张家口
92%
呼和浩特
92%
包头
92%
乌海
92%
中卫
92%
兰州
92%
西宁
92%
乌兰察布
85%
巴彦淖尔
85%
鄂尔多斯
85%
阿拉善盟
85%
银川
85%
吴忠
85%
白银
85%
海东
85%
海西州
85%
那曲
85%
石嘴山
77%
海南州
77%
玉树州
77%
海西州
77%
拉萨
77%
No matching quizzes found
Score Distribution
Percent of People with Each Score
Percentile by Number Answered
Your Score History
You have not taken this quiz since the last reset